| 000 | 00964nam a22001937a 4500 | ||
|---|---|---|---|
| 003 | OSt | ||
| 005 | 20251117102548.0 | ||
| 008 | 251117b |||||||| |||| 00| 0 eng d | ||
| 040 | _cDCL | ||
| 082 | _a၂၉၄.၃၈၂၂၃ | ||
| 130 |
_aတိပိဋက။ _pဝိနယပိဋက။ _tမဟာဝဂ္ဂ၊ _lအဋ္ဌကထာ၊ _sနိဿယ။ |
||
| 245 |
_aမဟာဝါအဋ္ဌကထာနိဿယ / _cမအူဆရာတော်ဘုရားကြီး။ |
||
| 264 |
_aရန်ကုန် ၊ _bထုတ်ဝေသူမပါ၊ _c[ခုနှစ်မပါ]။ |
||
| 300 |
_aဋ၊ ၅၃၀ စာမျက်နှာ ၊ _c၂၆ စင်တီ။ |
||
| 300 |
_aဋ၊ ၆၆၀ စာမျက်နှာ ၊ _c၂၆ စင်တီ။ |
||
| 650 |
_aမဟာဝါ _vပါဠိတော်။ |
||
| 650 |
_aမဟာဝဂ္ဂ _vပါဠိတော်။ |
||
| 942 |
_2ddc _cSHORT TERM _n0 |
||
| 999 |
_c2496 _d2496 |
||